Movie Alphabet G - Statistics

General Stats
  • This quiz has been taken 85 times
  • The average score is 11 of 16
Answer Stats
Picture Answer % Correct
Ghostbusters
99%
Gladiator
97%
The Godfather
96%
Gremlins
87%
Godzilla
84%
Goodfellas
83%
Good Will Hunting
83%
The Green Mile
80%
Guardians of the Galaxy
79%
Goldfinger
62%
Gone With the Wind
62%
Ghost Rider
57%
GoldenEye
55%
Glass Onion: A Knives Out Mystery
51%
The Grand Budapest Hotel
47%
Galaxy Quest
26%
No matching quizzes found
Score Distribution
Percent of People with Each Score
Percentile by Number Answered
Your Score History
You have not taken this quiz